De quelles nationalités sont les immigres en France? - Statistiques

Statistiques générales
  • Ce quiz a été pris 695 fois
  • Le résultat moyen est 8 sur 10
Statistiques - réponses
Pourcentage Nationalité / Pays % Correct
12.2% Algérienne
99%
11.7% Marocaine
99%
4.8% Tunisienne
93%
3.2% Espagnol
84%
3.9% Italienne
79%
7.9% Portugaise
73%
2.5% Senegalaise
73%
2.3% Malienne
65%
3.3% Turque
65%
2.1% Ivoirienne
47%
Aucun quiz correspondant
Distribution des résultats
% des personnes avec chaque résultat
Percentile par nombre de réponses
Votre historique - résultats
Vous n’avez pas pris ce quiz